Oratio dominica, nobilior, ac utilior caeteris orationibus, quae, ne dum peccata venialia, sed etiam mortalium poenas, nunc in temporales commutatas, remittit

Detalles Bibliográficos
Formato: Libro
Lenguaje:Undetermined
Latin
Publicado: s.l. : s.n., s.a.
Materias:
Colección:Banco de datos
Acervo:Museo Virreinal de Zinacantepec. Estado de México
Descripción Física:[134] h. ; 8°
Tema general:Ascética
Notas:Portada con grabado central xilográfico. Marca de fuego: Convento de Santa Maria de la Asunción, orden franciscana. Ex libris manuscrito en la portada: " Del Pe fr Sebastian de Armenta Lector de theologia de S. Franco ". Encuadernación en pergamino. Daños en la encuadernación
LEADER 00808nam a2200157Ia 4500
008 150723s9999 xx 000 0 und d
041 0 |a lat 
245 1 0 |a Oratio dominica, nobilior, ac utilior caeteris orationibus, quae, ne dum peccata venialia, sed etiam mortalium poenas, nunc in temporales commutatas, remittit 
260 |a s.l. : s.n., s.a. 
300 |a [134] h. ; 8° 
500 |a Portada con grabado central xilográfico. Marca de fuego: Convento de Santa Maria de la Asunción, orden franciscana. Ex libris manuscrito en la portada: " Del Pe fr Sebastian de Armenta Lector de theologia de S. Franco ". Encuadernación en pergamino. Daños en la encuadernación 
650 1 0 |a Ascética 
949 |a 3284 
942 |c ZINACA 
943 |g Museo Virreinal de Zinacantepec. Estado de México 
999 |c 1106749  |d 1106749